000 00886nam a2200289Ia 4500
008 181129s9999 xx 000 0 und d
020 _a9789715698498
050 _bR696 2016
100 _aRodriguez, Simon Godfrey
245 0 _aLegacy /
245 0 _cby Simon Godfrey Rodriguez ; edited by Nina Macaraig-Gamboa ; illustrated by Wylzter Gutierrez.
260 _aMakati, Philippines :
260 _bBookmark,
260 _c2016
300 _aunpaged :
300 _bcolor illustrations ;
300 _c25cm.
440 _aModern heroes for the Filipino youth.
650 _aJavella, lamberto, 1915-1991.
650 _aMotion picture producers and directors --
650 _aPhilippine literature for kids.
650 _xPhilippines -- Biography.
700 _aGutierrez, Wylzter.
700 _aMacaraig-Gamboa, Nina.
700 _aSeries.
700 _aTitle.
999 _c360210
_d360210